[Event "Leipzig VfB op 22nd"]
[Site "Leipzig"]
[Date "2015.03.07"]
[Round "7"]
[White "Haerig, Wolfram"]
[Black "Randt, Karl Heinz"]
[Result "1/2-1/2"]
[WhiteElo "1804"]
[BlackElo "1928"]
[PlyCount "157"]
[EventDate "2015.03.03"]
[EventType "swiss"]
[EventRounds "9"]
[EventCountry "GER"]
[SourceTitle "EXT 2016"]
[Source "ChessBase"]
[SourceDate "2015.10.08"]
[SourceVersion "1"]
[SourceVersionDate "2015.10.08"]
[SourceQuality "1"]

1. e4 c5 2. Nf3 d6 3. d4 cxd4 4. Nxd4 Nf6 5. Nc3 e6 6. Bg5 Be7 7. f4 h6 8. Bh4 a6 9. Qf3 Nbd7 10. Bd3 Qc7 11. 0-0-0 b5 12. g4 Nc5 13. Rhf1 Bb7 14. a3 Nfxe4 15. Bxe4 Bxh4 16. Ndxb5 axb5 17. Nxb5 Qb6 18. Nxd6+ Ke7 19. Bxb7 Rab8 20. Qe3 Bf6 21. b4 Na4 22. Qxb6 Nxb6 23. Bf3 Na4 24. Ne4 Bb2+ 25. Kd2 f5 26. gxf5 exf5 27. Ng3 Bxa3 28. Rfe1+ Kf6 29. Nh5+ Kf7 30. Re5 Bxb4+ 31. Kd3 Rhd8+ 32. Bd5+ Kg6 33. Rg1+ Kxh5 34. Rxf5+ Kh4 35. c4 Nb6 36. Rxg7 Nxd5 37. cxd5 Rd6 38. Ke4 Bc3 39. Rg3 Bf6 40. Rg6 Be7 41. Rg3 Rb4+ 42. Ke5 Rb2 43. Rf7 Re2+ 44. Kd4 Bd8 45. Rfg7 Bf6+ 46. Kc5 Bxg7 47. Kxd6 Bf8+ 48. Kd7 Rxh2 49. Rg8 Ba3 50. f5 Rf2 51. Ke6 Re2+ 52. Kf6 Be7+ 53. Kf7 Bg5 54. d6 Rd2 55. Ke6 Re2+ 56. Kf7 h5 57. f6 Rd2 58. Ke6 Bxf6 59. Kxf6 Rxd6+ 60. Kf5 Rd1 61. Ra8 Rf1+ 62. Ke4 Kg4 63. Rg8+ Kh3 64. Ke3 h4 65. Ke2 Rf7 66. Rg6 Kh2 67. Ke3 h3 68. Rg8 Kh1 69. Rg6 Rf1 70. Rb6 h2 71. Ke2 Ra1 72. Rg6 Rg1 73. Ra6 Rg5 74. Kf2 Rf5+ 75. Kg3 Rg5+ 76. Kf2 Rg2+ 77. Kf3 Rg7 78. Kf2 Rg8 79. Kf3 1/2-1/2

[Event "Leipzig VfB op 22nd"]
[Site "Leipzig"]
[Date "2015.03.05"]
[Round "5"]
[White "Haerig, Wolfram"]
[Black "Gerhardt, Dirk"]
[Result "1/2-1/2"]
[WhiteElo "1804"]
[BlackElo "1976"]
[PlyCount "84"]
[EventDate "2015.03.03"]
[EventType "swiss"]
[EventRounds "9"]
[EventCountry "GER"]
[SourceTitle "EXT 2016"]
[Source "ChessBase"]
[SourceDate "2015.10.08"]
[SourceVersion "1"]
[SourceVersionDate "2015.10.08"]
[SourceQuality "1"]

1. e4 g6 2. d4 Bg7 3. Nf3 d6 4. Be2 e5 5. dxe5 dxe5 6. Qxd8+ Kxd8 7. 0-0 c6 8. Nbd2 f6 9. Nc4 Bf8 10. Be3 Be6 11. Rad1+ Kc7 12. b3 Na6 13. Nfd2 Nb4 14. Bd3 Nxd3 15. cxd3 Bh6 16. Bc5 Bf8 17. Be3 Nh6 18. h3 g5 19. d4 exd4 20. Bxd4 Be7 21. Be3 Nf7 22. Rc1 h5 23. Nf3 g4 24. Nd4 Bxc4 25. Rxc4 Ne5 26. Bf4 Rag8 27. h4 Bd6 28. Nb5+ Kd7 29. Nxd6 Kxd6 30. Rd1+ Kc7 31. Rcd4 Rd8 32. Kf1 Rxd4 33. Rxd4 Rd8 34. Rxd8 Kxd8 35. Ke2 Ke7 36. Ke3 c5 37. f3 gxf3 38. gxf3 Nc6 39. Bg3 b5 40. Be1 Ke6 41. f4 a6 42. Kd3 Kd6 1/2-1/2

[Event "Leipzig VfB op 21st"]
[Site "Leipzig"]
[Date "2014.03.08"]
[Round "8"]
[White "Dobierzin, Olaf"]
[Black "Haerig, Wolfram"]
[Result "1-0"]
[WhiteElo "1977"]
[BlackElo "1816"]
[PlyCount "75"]
[EventDate "2014.03.04"]
[EventType "tourn"]
[EventRounds "9"]
[EventCountry "GER"]
[SourceTitle "CBM 159 Extra"]
[Source "ChessBase"]
[SourceDate "2014.04.24"]
[SourceVersion "1"]
[SourceVersionDate "2014.04.24"]
[SourceQuality "1"]

1. e4 e5 2. Nf3 Nc6 3. Bb5 a6 4. Ba4 Nf6 5. 0-0 d6 6. d3 Be7 7. c3 0-0 8. Re1 Bg4 9. Nbd2 Qd7 10. Nf1 Rad8 11. h3 Be6 12. d4 exd4 13. cxd4 d5 14. Ne5 Qe8 15. Nxc6 bxc6 16. e5 Ne4 17. Be3 Bd7 18. Qc1 c5 19. Bxd7 Qxd7 20. dxc5 d4 21. Rd1 Bxc5 22. f3 Qb5 23. Bf4 d3+ 24. Kh2 Nf2 25. Rd2 Rd4 26. Be3 Rc4 27. Qe1 Bb4 28. Qxf2 Bxd2 29. Nxd2 Rc2 30. Bd4 Rb8 31. Qe3 c5 32. Bc3 c4 33. e6 f6 34. Re1 Re8 35. Qa7 Qb8+ 36. Qxb8 Rxb8 37. Nxc4 Kf8 38. e7+ 1-0